000 00732nam a2200205Ia 4500
003 GCL
008 140319s9999 xx 000 0 ara d
040 _aGCL /
_cGCL
082 0 4 _aق
_b953.09
_bع و
100 1 _aعراقى يوسف محمد
245 1 0 _aالوجود العثمانى المملوكى فى مصر فى القرن الثامن عشر واوائل القرن التاسع عشر /
_cعراقى يوسف محمد
260 _a[S.N] :
_bدار المعارف ،
_c1985
490 _a
650 0 4 _aمصر
650 0 4 _aتاريخ
650 0 4 _aالاحوال السياسية
650 0 4 _aالادارة
650 0 4 _aالعالم العربى - تاريخ - العصر العثمانى
942 _2ddc
_cBK
999 _c58758
_d58758